Регионална библиотека "Любен Каравелов" - Русе

Педагогия (Запис номер 125125)

MARC детайли
000 -Лидер
Контролно поле с фиксирана дължина nam a22 a 4500
003 - Код на организацията, давaща контролен номер
Контролно поле BLK
005 - Дата и час на последна редакция
Контролно поле 20201009091145.0
008 - Елементи от данни с фиксирана дължина
fixed length control field 180409b bul|||||r ||||||| ||bul||
010 ## - Наследен системен номер
LC control number KNG00130794000
040 ## - Източник на каталожния запис
Идентификатор на билиотеката - собственик на записа BLK
041 ## - Код за език
Код за езика на текст/звукозапис или на отделно заглавие Български
Код за езика КДБФ Български
072 #7 - Код за тематичната категория
Код организация bullib
Код за тематична категория Ц
Текст Редки и ценни
080 ## - УДК
Текстов определител УДК Възпитание. Образование. Просвета. Организация на свободното време. Вж и 003;021. 3;159. 9;612;613;727
УДК код - определител по УДК 37
УДК - код + определител 37
139 ## - Редно поле
Редна дума Басаричек, Стефан
Авторски знак Бару - Б 27
245 10 - Сведения за заглавието
Заглавие Педагогия
Подзаглавни данни Ч. 1 - 4
Редно поле (дума) състав. Стефан Басаричек; прев. на том Илия Димитров Гудев; прев. на том Тодор К. Танев.
Том Ч. 2
Заглавие на том Дидактика
257 ## - Страна на издаване
Страна на създаване/издаване Хърватия
260 ## - Област на издателските данни
Име на издателя, разпространителя и проч. Христо Г. Данов
Година на издаване 1886 - 1891
Място на издаване, разпространение и проч. Пловдив
300 ## - Физическа характеристика
Размери/Мащаб 20 см
380 ## - Жанр
Жанр Обществени науки
650 #4 - Допълнително описание по предмет – тема
Основно описание – тема или топоним Педагогика
9 (RLIN) 165929
650 #4 - Допълнително описание по предмет – тема
Основно описание – тема или топоним Дидактика
9 (RLIN) 153380
653 ## - Ключова дума – ненормативна
Ключова дума дидактика
653 ## - Ключова дума – ненормативна
Ключова дума педагогика
659 ## - Тематичен бюлетин
Тематичен бюлетин Ц
700 1# - Други автори (авторска отговорност)
Лично име Басаричек, Стефан
Автороска отговорност (Описва отношението между автора и произведението) състав.
9 (RLIN) 36929
700 1# - Други автори (авторска отговорност)
Лично име Гудев, Илия Димитров
Автороска отговорност (Описва отношението между автора и произведението) прев. на том
9 (RLIN) 319225
700 1# - Други автори (авторска отговорност)
Лично име Танев, Тодор К.
Автороска отговорност (Описва отношението между автора и произведението) прев. на том
9 (RLIN) 319226
760 1# - Описание на основната серия
Място на издаване, издател и година 1889
Страници - том 8, 128 с.
Заглавие Ч. 2 Дидактика
852 ## - Местоположение
Форматна сигнатура Рб 886
856 4# - Електронен адрес и достъп
Електронен формат pdf - файл
999 ## - СИСТЕМНИ КОНТРОЛНИ НОМЕРА
Koha biblionumber 125125
Koha biblioitemnumber 125125
942 ## - АРТИКУЛИ
Вид на библиотечния материал Книги
Скрит в OPAC Не
Периодичен библиозапис Да
944 ## - СЪЗДАВАНЕ И РЕДАКЦИЯ на ЗАПИСА
Създаване/Редакция Създаване
Дата на регистрацията/редакция 22.05.2012
Статус, дата на статуса ф / 22.05.2012
Служител, извършил регистрацията/редакцията Геновева_Генчева
944 ## - СЪЗДАВАНЕ И РЕДАКЦИЯ на ЗАПИСА
Създаване/Редакция Редакция
Дата на регистрацията/редакция 2020-10-09
999 ## - СИСТЕМНИ КОНТРОЛНИ НОМЕРА
Koha biblioitemnumber 125125
Наличности
Код за отписване Код за изгубен артикул Източник на класификационната схема Код за повреда Коз за рестрикции Код за отдаване Артикулен № Име на библиотеката - собственик Име на библиотеката, в която се намира в момента Статус (Текущо местоположение) Дата на вписване в системата Местоположение - отдел Цена в лева Номерация (Хронология) Инвентарен номер Систематично азбучна сигнатура Баркод Номер на екземпляра Цена в евро Служебна бележка Служебен тип на артикула
  Не е изгубен Universal Decimal Classification Не е повреден само за читалня Специални фондове ( старопечатни, редки и ценни, фонд М. Арнаудов) 203303 Регионална библиотека "Любен Каравелов" Русе Регионална библиотека "Любен Каравелов" Русе Редки и ценни 1889-01-01 Редки и ценни 0.26 Автограф: автограф 10316/58 Рб 886 900000020880 1 0.13 N: стар фонд Дата: 01.01.1889 Дата инв: 02.04.2018 Бележки инв: Рц2018 Книги
  Не е изгубен Universal Decimal Classification Не е повреден само за читалня Специални фондове ( старопечатни, редки и ценни, фонд М. Арнаудов) 852332 Регионална библиотека "Любен Каравелов" Русе Регионална библиотека "Любен Каравелов" Русе Редки и ценни 2021-09-16 Редки и ценни 0.25   13691-ІІ Рб 889 900000044416   0.13   Книги
Vip Innovations Ltd, Rousse, Bulgaria 2025